| 000 | 01487cam a2200397 i 4500 | ||
|---|---|---|---|
| 001 | 22974637 | ||
| 003 | NUST | ||
| 005 | 20240416142951.0 | ||
| 008 | 230216t20222022pk d b 000 0 eng | ||
| 010 | _a 2023318026 | ||
| 020 |
_a9789699675454 _q(paperback) |
||
| 037 | _bLibrary of Congress -- Islamabad Overseas Office | ||
| 040 |
_aDLC _beng _cDLC _erda |
||
| 042 |
_alcode _apcc |
||
| 043 | _aa-pk--- | ||
| 050 | 0 | 0 |
_aJZ1318 _b.H57 2022 |
| 082 |
_a954.91 _bGLO |
||
| 100 | 1 |
_aHippier, Jochen, _eauthor. _9121721 |
|
| 245 | 1 | 0 |
_aGlobal Pakistan : _bPakistan's role in the international system / _ceditors, Jochen Hippier and Vaqar Ahmed. |
| 260 |
_aIslamabad : _bFriedrich-Ebert-Stiftung (FES), Pakistan Office, _c2022. |
||
| 300 |
_a4 unnumbered pages, vi, 273 pages : _bcharts ; _c24 cm |
||
| 336 |
_atext _btxt _2rdacontent |
||
| 337 |
_aunmediated _bn _2rdamedia |
||
| 338 |
_avolume _bnc _2rdacarrier |
||
| 500 | _a"June 2022"--Cover. | ||
| 504 | _aIncludes bibliographical references (pages 271-273). | ||
| 563 | _aPB | ||
| 650 | 0 |
_aGlobalization _xPolitical aspects _zPakistan. _9121722 |
|
| 650 | 0 |
_aGlobalization _xEconomic aspects _zPakistan. _9121723 |
|
| 651 | 0 |
_aPakistan _xForeign relations _y21st century. _983839 |
|
| 700 | 1 |
_aAhmed, Vaqar, _eeditor. _929239 |
|
| 710 | 2 |
_aFriedrich-Ebert-Stiftung. _bPakistan Office, _epublisher. _9121724 |
|
| 906 |
_a7 _bcbc _corigode _d3 _encip _f20 _gy-gencatlg |
||
| 942 |
_2ddc _cBK |
||
| 999 |
_c608509 _d608509 |
||